Plan de Ordenamiento Territorial POT documento técnico de soporte (Registro nro. 64126)

Detalles MARC
000 -ENCABEZADO
Número de control [NR] 00965nam a2200241Ia 4500
008 - DE LONGITUD FIJA DE DATOS DE ELEMENTOS - INFORMACIÓN GENERAL
Elementos de longitud fija [NR] 130821s2000 ck gr spa
040 ## - FUENTE DE CATALOGACION [NR]
Agencia de catalogación original [NR] Co-BoUCM
Idioma de catalogación [NR] spa
041 00 - CODIGO DE IDIOMA [R]
Código de idioma para texto/pista de sonido o título separado [R] Español
110 1# - ASIENTO PRINCIPAL--NOMBRE CORPORATIVO [NR]
Nombre corporativo o de jurisdicción como elemento de entrada [NR] Bogotá (Colombia).
Unidad subordinada [R] Alcaldía Mayor
ID de autoridad 47601
245 10 - MENCION DE TITULO [NR]
Título [NR] Plan de Ordenamiento Territorial POT documento técnico de soporte
Mención de responsabilidad, etc. [NR] Alcaldía de Bogotá
260 ## - PUBLICACION, DISTRIBUCION, ETC. (PIE DE IMPRENTA) [R]
Lugar de publicación, distribución, etc. [R] Bogotá (Colombia)
Nombre del editor, distribuidor, etc. [R] Alcaldía Mayor
Fecha de publicación, distribución, etc. [R] 2000
300 ## - DESCRIPCION FISICA [R]
Extensión [R] 461 páginas
504 ## - NOTA DE BIBLIOGRAFIA, ETC. [R]
Nota de bibliografía, etc. [NR]
650 04 - ASIENTO SECUNDARIO DE MATERIA - TERMINO TEMATICO [R]
Término temático o nombre geográfico como elemento de entrada [NR] Desarrollo social
9 (RLIN) 12991
650 04 - ASIENTO SECUNDARIO DE MATERIA - TERMINO TEMATICO [R]
Término temático o nombre geográfico como elemento de entrada [NR] Estructura urbana
Subdivisión geográfica [R] Bogotá (Colombia)
9 (RLIN) 15154
650 04 - ASIENTO SECUNDARIO DE MATERIA - TERMINO TEMATICO [R]
Término temático o nombre geográfico como elemento de entrada [NR] Ordenamiento territorial
Subdivisión geográfica [R] Bogotá (Colombia)
9 (RLIN) 42393
650 04 - ASIENTO SECUNDARIO DE MATERIA - TERMINO TEMATICO [R]
Término temático o nombre geográfico como elemento de entrada [NR] Plan de Ordenamiento Territorial. POT (Bogotá, Colombia)
9 (RLIN) 7921
650 04 - ASIENTO SECUNDARIO DE MATERIA - TERMINO TEMATICO [R]
Término temático o nombre geográfico como elemento de entrada [NR] Planificación regional
Subdivisión geográfica [R] Bogotá (Colombia)
9 (RLIN) 39262
650 04 - ASIENTO SECUNDARIO DE MATERIA - TERMINO TEMATICO [R]
Término temático o nombre geográfico como elemento de entrada [NR] Urbanismo
9 (RLIN) 25989
650 04 - ASIENTO SECUNDARIO DE MATERIA - TERMINO TEMATICO [R]
Término temático o nombre geográfico como elemento de entrada [NR] Uso de la tierra
Subdivisión geográfica [R] Bogotá (Colombia)
9 (RLIN) 26021
942 ## - ELEMENTOS DE ENTRADA AGREGADOS (KOHA)
Tipo de ítem principal el descrito en 300a Libro
Tema principal Arte
Edición 1
Parte restante de la signatura top. B675p
Sistema de clasificación DEWEY
Clasificación 711.48614
Existencias
Fecha de último préstamo Total préstamos Total Renewals Signatura topográfica Código de barras Última vez visto Ejemplar Price effective from Tipo de ítem Perdido Sistema de clasificación Dañado No prestable Tipo de ítem específico Suprimido Ubicación habitual Ubicación actual Localización Fecha de creación Forma de adquisición Costo
10/10/2018 18 2 711.48614 B675p 100102638 06/12/2025 Ej.1 03/02/2013 Libro   DEWEY     Libro   Claustro Claustro 2do piso 28/02/2013 Donación 26000.00